Т. 2: Станочные автоматические линии; Автоматические линии в машиностроении

Bibliographic Details
Parent link:Автоматические линии в машиностроении: Проектирование и эксплуатация/ Пред. ред. совета А. И. Дащенко. Т. 2: Станочные автоматические линии.— , 1984-
Other Authors: Власов С. Н. Серафим Николаевич (редактор), Генин В. Б. Виктор Борисович, Горелик Г. И. Григорий Исаакович, Дащенко А. И. Анатолий Иосифович, Калинин В. И.
Summary:Авт. указ. на обороте тит. л.
Language:Russian
Published: 1984
Subjects:
Format: Book
KOHA link:https://koha.lib.tpu.ru/cgi-bin/koha/opac-detail.pl?biblionumber=48814

MARC

LEADER 00000nam2a2200000 4500
001 48814
005 20231031032424.0
035 |a (RuTPU)RU\TPU\book\51118 
035 |a RU\TPU\book\51116 
090 |a 48814 
100 |a 20030324d1984 km y0rusy50 ca 
101 0 |a rus 
102 |a RU 
105 |a a g 001zy 
200 0 |a Т. 2: Станочные автоматические линии  |f С. Н. Власов, В. Б. Генин, Г. И. Горелик и др.  |g Под ред. А. И. Дащенко 
210 |d 1984 
215 |a 408 с.  |c ил. 
300 |a Авт. указ. на обороте тит. л. 
320 |a Библиогр.: с. 404 
320 |a Предм. указ.: с. 405-408. 
461 1 |0 (RuTPU)RU\TPU\book\51113  |t Автоматические линии в машиностроении  |o Проектирование и эксплуатация  |o Справочник в 3 т.  |f Пред. ред. совета А. И. Дащенко  |v Т. 2: Станочные автоматические линии  |d 1984- 
610 1 |a машиностроение 
610 1 |a автоматические линии 
610 1 |a станочные линии 
610 1 |a агрегатные станки 
610 1 |a валы 
610 1 |a детали 
610 1 |a гидроприводы 
610 1 |a транспортные услуги 
610 1 |a справочники 
675 |a 621.002:658.52(035)  |v 3 
701 1 |a Власов  |b С. Н.  |g Серафим Николаевич 
701 1 |a Генин  |b В. Б.  |g Виктор Борисович 
701 1 |a Горелик  |b Г. И.  |g Григорий Исаакович 
701 1 |a Дащенко  |b А. И.  |g Анатолий Иосифович 
701 1 |a Калинин  |b В. И. 
702 1 |a Дащенко  |b А. И.  |g Анатолий Иосифович  |4 340 
801 1 |a RU  |b 63413507  |c 20030324  |g PSBO 
801 2 |a RU  |b 63413507  |c 20150330  |g PSBO 
942 |c BK